Top 3 NBA Players At Each Position (2012-2013) - Statistics

General Stats
  • This quiz has been taken 1,007 times
  • The average score is 9 of 15
Answer Stats
Position Players % Correct
Small Forward LeBron James
97%
Shooting Guard James Harden
88%
Small Forward Kevin Durant
83%
Shooting Guard Kobe Bryant
82%
Shooting Guard Dwyane Wade
77%
Point Guard Chris Paul
75%
Center Dwight Howard
66%
Point Guard Derrick Rose
57%
Power Forward Dirk Nowitzki
54%
Small Forward Carmelo Anthony
44%
Point Guard Rajon Rondo
40%
Power Forward Blake Griffin
38%
Power Forward Kevin Love
25%
Center DeMarcus Cousins
22%
Center Andrew Bynum
12%
No matching quizzes found
Score Distribution
Percent of People with Each Score
Percentile by Number Answered
Your Score History
You have not taken this quiz